Länder mit dem größten Bevölkerungswachstum - Statistiken

Allgemein
  • Dieses Quiz wurde 111 mal gespielt
  • Das Durchschnittsergebnis liegt bei 16 aus 24
Antwortstatistiken
Land Bevölkerung 1989 Bevölkerungswachstum in Zahlen % Korrekt
Indien 814.000.000 +600.000.000
100%
China 1.000.000.000 +336.000.000
97%
Vereinigte Staaten 250.000.000 +83.000.000
95%
Brasilien 147.000.000 +68.000.000
91%
Nigeria 92.000.000 +129.000.000
86%
Indonesien 175.000.000 +100.000.000
85%
Pakistan 107.000.000 +130.000.000
76%
Ägypten 55.000.000 +50.000.000
75%
Iran 55.000.000 +32.000.000
74%
Zaire (DR Kongo) 33.000.000 +69.000.000
74%
Bangladesch 112.000.000 +60.000.000
73%
Mexiko 85.000.000 +43.000.000
70%
Türkei 55.000.000 +31.000.000
69%
Äthiopien 48.000.000 +77.000.000
67%
Vietnam 65.000.000 +35.000.000
64%
Philippinen 60.000.000 +57.000.000
62%
Irak 10.000.000 +26.000.000
57%
Tansania 24.000.000 +42.000.000
55%
Kenia 24.000.000 +30.000.000
52%
Sudan 25.000.000 +26.000.000
51%
Afghanistan 15.000.000 +27.000.000
35%
Angola 9.000.000 +28.000.000
35%
Uganda 16.000.000 +33.000.000
27%
Jemen 9.000.000 +26.000.000
18%
Keine übereinstimmenden Quizze gefunden
Verteilung der Resultate
Anzahl Personen mit jedem Resultat
Perzentil nach korrekt beantworteten Fragen
Ihre Resultats-Entwicklung
Sie haben dieses Quiz noch nicht gespielt